Letter to Scrabble Point Value - Statistics

General Stats
  • This quiz has been taken 5 times
  • The average score is 14 of 26
Answer Stats
Hint Answer % Correct
A 1
100%
E 1
75%
I 1
75%
O 1
75%
U 1
75%
Q 10
75%
Z 10
75%
F 4
75%
X 8
75%
L 1
50%
N 1
50%
R 1
50%
S 1
50%
T 1
50%
D 2
50%
B 3
50%
C 3
50%
M 3
50%
P 3
50%
W 4
50%
K 5
50%
J 8
50%
G 2
25%
H 4
0%
V 4
0%
Y 4
0%
No matching quizzes found
Score Distribution
Percent of People with Each Score
Percentile by Number Answered
Your Score History
You have not taken this quiz